| 000 | 00410nam a22001697a 4500 | ||
|---|---|---|---|
| 999 |
_c159315 _d159315 |
||
| 003 | dpl | ||
| 005 | 20181213180203.0 | ||
| 008 | 181213b ||||| |||| 00| 0 eng d | ||
| 020 |
_a070097002249 _c0.00 |
||
| 035 | _aA-819189 | ||
| 040 |
_aDPL _bEN _c0 |
||
| 082 | _aS | ||
| 100 | _aGrahame, Kenneth | ||
| 245 |
_aThe Wind in the Wilows _cKenneth Grahame |
||
| 300 |
_a240 _c14cm |
||
| 942 |
_2ddc _cCH _hS _mGRA |
||